000 00416nam a2200145Ia 4500
008 230711s9999||||xx |||||||||||||| ||und||
041 _aENG
082 _a619
_bAW-E
100 _aAwad,Subhash D
245 0 _aEngineering teachers in the developmnet of the technical education system in India
250 _a1st Ed.
260 _c1995
_aNew Delhi
_bISTE Learing Material
650 _aGENERAL ENGINEERING
942 _cBK
999 _c3463
_d3463